On the regional convergence of income at district level in Slovakia

Analýza regionálnej konvergencie príjmov na úrovni okresov Slovenska a odpoveď na otázku, či sa slovenské okresy navzájom približujú alebo divergujú v čase, v rôznych sektoroch slovenskej ekonomiky.

Salvato in:
Dettagli Bibliografici
Autore principale: Pauhofová, Iveta
Altri autori: Želinský, Tomáš
Natura: Capitolo di libro
Lingua:inglese
Soggetti:
Tags: Aggiungi Tag
Nessun Tag, puoi essere il primo ad aggiungerne!!

MARC

LEADER 00000naa a2200000 4500
001 0238241
005 20220204145304.9
041 0 |a eng 
044 |a SK 
245 1 0 |a On the regional convergence of income at district level in Slovakia  |c Iveta Pauhofová, Tomáš Želinský 
520 |a Analýza regionálnej konvergencie príjmov na úrovni okresov Slovenska a odpoveď na otázku, či sa slovenské okresy navzájom približujú alebo divergujú v čase, v rôznych sektoroch slovenskej ekonomiky. 
610 2 0 |a Slovensko 
610 2 0 |a konvergencia 
610 2 0 |a regióny 
610 2 0 |a príjmy obyvateľstva 
610 2 0 |a vývoj mzdový 
100 1 |a Pauhofová, Iveta 
700 1 |a Želinský, Tomáš